| 000 | 01065cam a22002773a 4500 | ||
|---|---|---|---|
| 001 | 15734 | ||
| 003 | PGUSA | ||
| 005 | 20140828083333.0 | ||
| 008 | 050430s2005||||xxu|||||s|||||000 1 eng d | ||
| 040 |
_aPGUSA _beng |
||
| 042 | _adc | ||
| 050 | 4 | _aPT | |
| 050 | 4 | _aDR | |
| 100 | 1 |
_aAchleitner, Arthur, _d1858-1927 |
|
| 245 | 1 | 0 |
_aAus Kroatien : _bSkizzen und Erzählungen _h[electronic resource] / _cArthur Achleitner |
| 260 |
_bProject Gutenberg, _c2005 |
||
| 505 | 0 | _aZum Geleit -- Drei Regimentsbefehle -- Des Popen Meisterstück -- Waldkultur -- Kroatische Glanzkohlen -- Auf Forstinspektion -- Feuerstein und Schwefelfaden -- Sprachliches Durcheinander -- Von der Sann zur Korana -- Eine Wahl ohne Ochsen, ohne Wein -- Die tausendjährige Linde | |
| 506 | _aPublic domain in the USA. | ||
| 516 | _aElectronic text | ||
| 653 | _aBalkan Peninsula -- Fiction | ||
| 653 | _aShort stories | ||
| 653 | _aBalkan Peninsula -- Description and travel | ||
| 830 | 0 |
_aProject Gutenberg _v15734 |
|
| 856 | 4 | 0 | _uhttp://www.gutenberg.org/ebooks/15734 |
| 942 | _cEB | ||
| 999 |
_c244989 _d244989 |
||